Les 10 langues les plus parlées au monde - Statistiques

Statistiques générales
  • Ce quiz a été pris 270 fois
  • Le résultat moyen est 8 sur 10
Statistiques - réponses
Place Personnes Langue % Correct
1 1 450 000 000 Anglais
100%
6 350 000 000 Français
98%
4 550 000 000 Espagnol
97%
2 1 120 000 000 Mandarin
91%
7 280 000 000 Portugais
85%
5 450 000 000 Arabe
84%
10 130 000 000 Allemand
80%
8 250 000 000 Russe
77%
3 600 000 000 Hindi
50%
9 200 000 000 Bengali
12%
Aucun quiz correspondant
Distribution des résultats
% des personnes avec chaque résultat
Percentile par nombre de réponses
Votre historique - résultats
Vous n’avez pas pris ce quiz